00973nam a2200205 a 450000100100000000500170001000800410002704000250006808200150009310000340010824501510014226000880029330000170038150000420039850400650044004900090050595201220051495201140063699900170075000002761020200930030947.0110401s1935 dr 000 0 spa d aDO-SdBNPbspacBNPHU axxxbR425G1 aGómez, Manuel Ubaldo95470710aRepertorio alfabético de la jurisprudencia dominicana :bsentencias de la Suprema Corte de Justicia, (1908 1933) /cManuel Ubaldo Gómez, hijo. aPalma de Mallorca, España :bTalleres Gráficos de Fernado Soler Querolt,c1935. av. ;c23 cm. aIncluye notas al pie de las páginas aIncluye referencias bibliográficas al pie de las páginas aBNPD 001054708PDaPDbPDcCTd2011-04-01iLF1l0oxxx R425Gp27610-10r2020-06-25w2020-06-25yLFPDZPréstamo en sala 00107-18PDaPDbPDcOId2011-04-01iLF1l0oxxx R425Gp27611-10r2020-06-25w2020-06-25yLFPDZNo se presta c27102d27102